Fundamentals Of Hotel Managemnt Food Science (Record no. 370958)
[ view plain ]
| 000 -LEADER | |
|---|---|
| fixed length control field | 00482nam a2200181Ia 4500 |
| 005 - DATE AND TIME OF LATEST TRANSACTION | |
| control field | 20260516172440.0 |
| 008 - FIXED-LENGTH DATA ELEMENTS--GENERAL INFORMATION | |
| fixed length control field | 260514s9999 xx 000 0 und d |
| 020 ## - INTERNATIONAL STANDARD BOOK NUMBER | |
| International Standard Book Number | 9788126160631 |
| 041 ## - LANGUAGE CODE | |
| Language code of text/sound track or separate title | eng |
| 082 ## - DEWEY DECIMAL CLASSIFICATION NUMBER | |
| Classification number | 647.94068 SIN B2318 |
| 100 ## - MAIN ENTRY--PERSONAL NAME | |
| Author | Sing Ranvijay |
| 245 ## - TITLE STATEMENT | |
| Title | Fundamentals Of Hotel Managemnt Food Science |
| 260 ## - PUBLICATION, DISTRIBUTION, ETC. | |
| Name of publisher, distributor, etc. | Anmol Publication |
| Place of publication, distribution, etc. | New Delhi |
| 500 ## - GENERAL NOTE | |
| Keywords | HM |
| 650 ## - SUBJECT ADDED ENTRY--TOPICAL TERM | |
| Topical term or geographic name entry element | Hospitality Industry |
| 651 ## - SUBJECT ADDED ENTRY--GEOGRAPHIC NAME | |
| Geographic name | food science |
| 942 ## - ADDED ENTRY ELEMENTS (KOHA) | |
| Koha item type | Books |
| Withdrawn status | Lost status | Damaged status | Not for loan | Collection code | Home library | Current library | Date acquired | Net Price | Bill number | Total Checkouts | Full call number | Barcode | Date last seen | Actual Price | Bill Date | Koha item type | Original Barcode |
|---|---|---|---|---|---|---|---|---|---|---|---|---|---|---|---|---|---|
| Hotel Management | Manilal Nanavati Vocational Training Institute Pune | Manilal Nanavati Vocational Training Institute Pune | 27/03/2026 | 1800.00 | WORDI/2025/CRB/2628 | 647.94068 SIN B2318 | MNVT-BK-2318 | 14/05/2026 | 1350.00 | 20/03/2026 | Books | B2318 |